000 00359 a2200145 4500
001 164966
020 _a
040 _cMagnum
100 _aTrindade, Azoilda Loretto da Et Al.
240 1 0 _aMulticulturalismo: mil e uma faces da escola
_lpor
245 1 0 _aMulticulturalismo: mil e uma faces da escola
362 0 _a1899
697 _aENSINO
942 _cBK
999 _c164966
_d164966